LEADER 01915nam 2200421Ia 450 001 996389458403316 005 20210104172041.0 035 $a(CKB)4940000000096569 035 $a(EEBO)2248499376 035 $a(OCoLC)ocn879331080e 035 $a(OCoLC)879331080 035 $a(EXLCZ)994940000000096569 100 $a20140507d1660 uy 0 101 0 $aeng 135 $aurbn||||a|bb| 200 14$aThe form and order of the coronation of Charles the II. King of Scotland, together with the sermon then preached, the oath then taken, and the several speeches made$b[electronic resource] $eas it was acted and done at Scocne, the first day of January, 1651 210 $aAberdene $cImprinted by James Brown, and re-printed at London, to be sold by Edward Thomas [...]$d1660 215 $a38, [i.e. 40] p 300 $aError in paging: 24-25 repeated. 300 $aFrontispiece depicts Charles II, Royal coat of arms on t.p. verso. 300 $aTitle in decorative border, headpieces, initials. 300 $aD2031 on reel 937 is actually D2030A. 300 $aImperfect: irregular pagination, pages cropped, stained, tightly bound, and torn with some loss of text. 300 $aReproduction of original in: National Library of Scotland--Crawford Collections. 330 $aeebo-0097 606 $aSermons, English$y17th century 607 $aGreat Britain$xHistory$yCommonwealth and Protectorate, 1649-1660 607 $aScotland$xHistory$y1649-1660 615 0$aSermons, English 700 $aDouglas$b Robert$f1594-1674.$01005428 702 $aBrown$b James 702 $aThomas$b Edward 801 0$bUMI 801 1$bUMI 906 $aBOOK 912 $a996389458403316 996 $aThe form and order of the coronation of Charles the II. King of Scotland, together with the sermon then preached, the oath then taken, and the several speeches made$92326954 997 $aUNISA